Behind Bars: Prison Conditions in Tibet (Record no. 223494)
[ view plain ]
| 000 -LEADER | |
|---|---|
| fixed length control field | 00637nam a22001937a 4500 |
| 005 - DATE AND TIME OF LATEST TRANSACTION | |
| control field | 20220627113628.0 |
| 008 - FIXED-LENGTH DATA ELEMENTS--GENERAL INFORMATION | |
| fixed length control field | 220627b ||||| |||| 00| 0 eng d |
| 040 ## - CATALOGING SOURCE | |
| Transcribing agency | AL |
| 041 ## - LANGUAGE CODE | |
| Language code of text/sound track or separate title | English |
| 082 ## - DEWEY DECIMAL CLASSIFICATION NUMBER | |
| Edition number | 23 |
| Classification number | 951.9515 |
| Item number | TIBB |
| 100 ## - MAIN ENTRY--PERSONAL NAME | |
| Personal name | Tibetan Centre for Human Rights and Democracy |
| 100 ## - MAIN ENTRY--PERSONAL NAME | |
| 9 (RLIN) | 45373 |
| 245 ## - TITLE STATEMENT | |
| Title | Behind Bars: Prison Conditions in Tibet |
| 260 ## - PUBLICATION, DISTRIBUTION, ETC. | |
| Place of publication, distribution, etc. | New Delhi |
| Name of publisher, distributor, etc. | Tibetan Centre for Human Rights and Democracy |
| 300 ## - PHYSICAL DESCRIPTION | |
| Extent | ii,111 p. |
| Other physical details | PB |
| Dimensions | 28x21 cm. |
| 650 ## - SUBJECT ADDED ENTRY--TOPICAL TERM | |
| Topical term or geographic name entry element | Prisons |
| 9 (RLIN) | 45374 |
| 650 ## - SUBJECT ADDED ENTRY--TOPICAL TERM | |
| Topical term or geographic name entry element | China--Tibet Autonomous Region |
| 9 (RLIN) | 45375 |
| 700 ## - ADDED ENTRY--PERSONAL NAME | |
| Personal name | TIBETAN CENTRE FOR HUMAN RIGHTS AND DEMOCRACY |
| 9 (RLIN) | 45376 |
| 942 ## - ADDED ENTRY ELEMENTS (KOHA) | |
| Source of classification or shelving scheme | Dewey Decimal Classification |
| Koha item type | George Fernandes Collections |
| Withdrawn status | Lost status | Source of classification or shelving scheme | Damaged status | Not for loan | Collection code | Home library | Current library | Date acquired | Total Checkouts | Full call number | Barcode | Date last seen | Price effective from | Koha item type |
|---|---|---|---|---|---|---|---|---|---|---|---|---|---|---|
| Dewey Decimal Classification | History | St Aloysius Library | St Aloysius Library | 03/23/2013 | 951.9515 TIBB | GF03296 | 06/27/2022 | 06/27/2022 | George Fernandes Collections |